000 00580na a2200217 4500
001 19446
003 MIRAKIL
005 20181213155101.0
008 161214b tu 000 0
020 _a9789750136337
040 _aMilas
_btur
_cTR-AnCHP
041 _atur
082 _a370
_bA52 2007
090 _a370 A52 2007
245 _aAnababa eğitim programları
_ceditör Yıldız Kuzgun, Zeynep Hamamcı
260 _aAnkara
_bMaya Akademi Yayın
_c2007
300 _a152 s.
_c23 sm.
500 _aHamamcı, Zeynep
500 _aKuzgun, Yıldız
942 _2ddc
_cBKS
999 _c6248
_d6248